| 000 | 01443nam a2200241Ia 4500 | ||
|---|---|---|---|
| 003 | Ost | ||
| 005 | 20260507074907.0 | ||
| 008 | 260507s9999||||xx |||||||||||||| ||und|| | ||
| 040 | _cfsecg | ||
| 041 | _aara | ||
| 082 | _a657 | ||
| 100 |
_aالقاضي، حسين _eمؤلف |
||
| 245 | 0 |
_aمحاسبة البترول / _c حسين القاضي |
|
| 260 |
_aعمان: _bالدار العلمية الدولية للنشر, _c2001 |
||
| 300 |
_a373 صفحة؛ _bإيضاحات ؛ _c24 سم |
||
| 490 |
_aسلسلة الكتب المحاسبية _v10 |
||
| 504 | _aمصطلحات وتعاريف ص.349 | ||
| 520 | _aمدخل الى صناعة واستكشاف وإنتاج البترول، المبادئ المحاسبية الخاصة لنشاطات إنتاج البترول، محاسبة تكاليف الإستكشاف، محاسبة الحصول على المناطق غير المبرهنة وتحويلها والتنازل عنها، نفقات الحفر والتطوير، محاسبة تكاليف الإنتاج، احتياطات النفط والغاز، محاسبة مبيعات المناطق المبرهنة وغير المبرهنة، محاسبة مبيعات النفط والغاز، الإفصاح في شركات أستكشاف وإنتاج البترول | ||
| 653 | _aالمحاسبة | ||
| 653 | _aالنفط | ||
| 700 |
_aمحمد قاسم،عبد الرزاق _eمؤلف ثانوي |
||
| 942 | _cكتاب | ||
| 999 |
_c41708 _d41708 |
||